| 000 | 00886aab a2200241 i 4500 | ||
|---|---|---|---|
| 001 | 768714001 | ||
| 003 | CO-MdFUSB | ||
| 005 | 20240704162821.0 | ||
| 008 | 240704t1995 sz ||||| |||| 00| 0 eng d | ||
| 040 |
_bspa _cCO-MdFUSB |
||
| 041 | _aeng | ||
| 100 | 1 |
_aMcLellan, Andrew R. C. _eautor |
|
| 245 |
_aWise people celebrate _c/ Andrew R. C. McLellan |
||
| 520 | _aEl autor afirma que la gente sabia desea lo mejor para las Naciones Unidas, en vez de celebrar por lo que conocemos de Dios y de nosotros mismos. | ||
| 546 | _aTexto en inglés. | ||
| 650 | 7 |
_aTeología dogmática _96937 |
|
| 650 | 7 |
_aDios _9178 |
|
| 650 | 7 |
_aReforma _9221 |
|
| 650 | 7 |
_aAmor _xAspectos religiosos _vCristianismo _9255 |
|
| 773 | 0 |
_tReformed World _049396 _959537 _gVolumen 45, (número 4, 1995) páginas: 145 - 147 _qpágina: 145 |
|
| 942 | _cANA | ||
| 945 | _aCatherine Arias Álvarez - Practicante SENA | ||
| 999 |
_c55408 _d55408 |
||